000 00802nam a2200217 a 4500
001 000020803
005 20200930011152.0
008 100817s1976 ho a 000 0 spa d
040 _aDO-SdBNP
_bspa
_cBPJMB
082 _a372.7
_bM425c, 1976
245 0 0 _aMatemática 4 :
_bguía para el maestro /
_cLuis Alberto Cabrera ... [et al] ; asesor específico Napoleón Sierra Rodas y Oscar Velásquez E.
250 _a3a ed.
260 _aRepública de Honduras :
_bMinisterio de Educación,
_c1976.
300 _a221 p. :
_bil. ;
_c27 cm.
650 4 _aMatemáticas
_xEnseñanza básica
_943577
650 4 _aTeoría de los números
_943601
650 4 _aFracciones
_943602
700 1 _aCabrera, Luis Alberto.
_943603
700 1 _aSierra Rodas, Napoleón.
_943604
700 1 _aVelásquez E., Oscar.
_943605
999 _c20307
_d20307